Průvodce architekturou Opavy = Opava architecture guide /

Hlavní autor: Strakoš, Martin, 1972-
Další autoři: Rosová, Romana, 1972-, Kaniová, Petra, Halátek, Dalibor, 1980-, Hopkinson, Christopher, 1973-
Jazyk: Čeština
Angličtina
Vydáno: Ostrava : Národní památkový ústav, územní odborné pracoviště v Ostravě, 2016
Vydání: Druhé vydání
Témata:
Fyzický popis: 399 stran : ilustrace (převážně barevné), mapy, plány ; 24 cm
Language note: Souběžný anglický text
Knihy
Uloženo v:
LEADER 02500nam a2200625 i 4500
001 nkc20172885923
003 CZ PrNK
005 20170406074943.0
007 ta
008 170316s2016 xr abe e f 001 0 cze
015 |a cnb002885923 
020 |a 978-80-85034-92-9  |q (vázáno) 
035 |a (OCoLC)982109401 
040 |a BOA001  |b cze  |d ABA001  |e rda 
041 1 |a cze  |a eng  |h cze 
043 |a e-xr---  |b e-xr-mo  |2 czenas 
045 |a q-y- 
072 7 |a 72  |x Architektura  |2 Konspekt  |9 21 
080 |a 72  |2 MRF 
080 |a 72:904  |2 MRF 
080 |a (437.326)  |2 MRF 
080 |a (036)  |2 MRF 
080 |a (084.12)  |2 MRF 
100 1 |a Strakoš, Martin,  |d 1972-  |7 jo2002109970  |4 aut  |4 edt 
245 1 0 |a Průvodce architekturou Opavy =  |b Opava architecture guide /  |c Romana Rosová - Martin Strakoš (eds.) ; autoři textu: Martin Strakoš, Romana Rosová, Petra Kaniová, Dalibor Halátek ; překlad: Christopher Hopkinson 
246 3 1 |a Opava architecture guide 
250 |a Druhé vydání 
264 1 |a Ostrava :  |b Národní památkový ústav, územní odborné pracoviště v Ostravě,  |c 2016 
300 |a 399 stran :  |b ilustrace (převážně barevné), mapy, plány ;  |c 24 cm 
336 |a text  |b txt  |2 rdacontent 
336 |a statický obraz  |b sti  |2 rdacontent 
337 |a bez média  |b n  |2 rdamedia 
338 |a svazek  |b nc  |2 rdacarrier 
504 |a Obsahuje bibliografie, bibliografické odkazy a rejstříky 
546 |a Souběžný anglický text 
648 7 |a 13.-21. století  |7 ch757063  |2 czenas 
650 0 7 |a architektura  |7 ph118586  |z Česko  |y 13.-21. století  |2 czenas 
650 0 7 |a architektonické památky  |7 ph118585  |z Česko  |2 czenas 
650 0 9 |a architecture  |z Czechia  |y 13th-21st centuries  |2 eczenas 
650 0 9 |a architectural monuments  |z Czechia  |2 eczenas 
651 7 |a Opava (Česko)  |7 ge130311  |2 czenas 
651 9 |a Opava (Czechia)  |2 eczenas 
655 7 |a průvodce  |7 fd133154  |2 czenas 
655 7 |a fotografické publikace  |7 fd132276  |2 czenas 
655 9 |a guidebooks  |2 eczenas 
655 9 |a photographical works  |2 eczenas 
700 1 |a Rosová, Romana,  |d 1972-  |7 mzk2011665547  |4 aut  |4 edt 
700 1 |a Kaniová, Petra  |7 jx20111114016  |4 aut 
700 1 |a Halátek, Dalibor,  |d 1980-  |7 mzk2011657443  |4 aut 
700 1 |a Hopkinson, Christopher,  |d 1973-  |7 ola2006345502  |4 trl 
910 2 |a BOA001  |b 2-1385.374 
990 |a BK 
995 |a 01 
991 |b 201703  |c NOV 
996 6 |b 2610701260  |c 2-1385.374  |l MZK  |r Sklad / do 1 hodiny  |n 2  |p p.v.  |w 001604197  |u 000010  |a 1  |e BOA001  |j MZK50  |s P